L'arcobaleno negato (Record n. 209459)

Dettagli MARC
000 -LEADER
fixed length control field 01577nam a2200205Ia 4500
001 - CONTROL NUMBER
control field c55-29705
003 - CONTROL NUMBER IDENTIFIER
control field IT-MiCISF
008 - FIXED-LENGTH DATA ELEMENTS--GENERAL INFORMATION
fixed length control field 161014s9999||||xx |||||||||||||| ||und||
040 ## - CATALOGING SOURCE
Original cataloging agency IT-MiCISF
Transcribing agency IT-MiCISF
041 ## - LANGUAGE CODE
Language code of text/sound track or separate title it
999 ## - SYSTEM CONTROL NUMBERS (KOHA)
Koha Dewey Subclass [OBSOLETE] si
100 ## - MAIN ENTRY--PERSONAL NAME
Personal name Fracassi Anna Maria
245 #0 - TITLE STATEMENT
Title L'arcobaleno negato
Remainder of title Percorsi didattici sulla condizione dell'infanzia nel mondo
250 ## - EDITION STATEMENT
Edition statement 1a ed.
260 ## - PUBLICATION, DISTRIBUTION, ETC. (IMPRINT)
Name of publisher, distributor, etc. Editrice Missionaria Italiana (Bologna)
Date of publication, distribution, etc. 1999
300 ## - PHYSICAL DESCRIPTION
Extent pp. 208
500 ## - GENERAL NOTE
General note / infanzia, società, violenza, problemi-infanzia, scuola, abuso-sessuale, bambini-a-rischio, lavoro / Il libro è il risultato di un'esperienza di vita e di cultura di cui sono stati protagonisti ragazzi e ragazze del Sud e del Nord del mondo; punto di partenza per sperimentare solidarietà, condivisione, ospitalità, ma anche per conoscere, fuori dagli stereotipi, il complesso mondo dei giovani e per promuovere delle concrete iniziative sociali e politiche. Il testo è suddiviso in tre parti: la prima è rivolta agli adulti ed intende offrire una panoramica il più possibile aggiornata delle tematiche relative al lavoro minorile e alla condizione dell'infanzia in generale. La seconda parte è costituita da alcune schede sui problemi dell'infanzia nel mondo (le vaccinazioni, lo sfruttamento sessuale dei bambini, l'istruzione dei bambini e delle bambine ecc.). La terza parte si rivolge ai ragazzi, preadolescenti e adolescenti, coetanei di quelli che hanno partecipato attivamente alla realizzazione del testo.
650 ## - SUBJECT ADDED ENTRY--TOPICAL TERM
Topical term or geographic name as entry element età-evolutiva
942 ## - ADDED ENTRY ELEMENTS (KOHA)
Koha item type LIBRO
957 ## -
-- 1
999 ## - SYSTEM CONTROL NUMBERS (KOHA)
-- 1
Dati di copia
Withdrawn status Lost status Damaged status Not for loan Home library Current library Date acquired Total Checkouts Full call number Date last seen Price effective from Koha item type Public note
    Buone Condizioni Not For Loan CISF - Milano CISF - Milano 14/10/2016   c55-29705 14/10/2016 14/10/2016 LIBRO Data import 15.10.2016 / by Epidotti, Vaglietti
CREDITS: SOCIETA' SAN PAOLO Via A.Severo, 58 - ROMA (RM) & PERIODICI SAN PAOLO SRL Via Giotto, 36 MILANO & CISF Via Giotto, 36 MILANO & EDIZIONI SAN PAOLO SRL,  Piazza Soncino, 5 CINISELLO BALSAMO (MI) -- ITALY